Komunikační dovednosti v praxi
Enregistré dans:
| Auteur principal: | |
|---|---|
| Format: | Livre |
| Langue: | tchèque |
| Publié: |
Praha
Grada Publishing
2003
|
| Collection: | Manažer
|
| Sujets: | |
| Tags: |
Pas de tags, Soyez le premier à ajouter un tag!
|
MARC
| LEADER | 00000nam$a2200000$$$4500 | ||
|---|---|---|---|
| 001 | 0007801 | ||
| 005 | 20240306141444.7 | ||
| 020 | |a 80-247-0650-4 | ||
| 041 | 0 | |a cze | |
| 044 | |a CZ | ||
| 245 | 1 | 0 | |a Komunikační dovednosti v praxi |c Milan Mikuláštík |
| 264 | 1 | |a Praha |b Grada Publishing |c 2003 | |
| 300 | |a 361 s. | ||
| 490 | 1 | |a Manažer | |
| 830 | 0 | |a Manažer | |
| 610 | 2 | 0 | |a komunikácia sociálna |
| 610 | 2 | 0 | |a komunikácia |
| 610 | 2 | 0 | |a osobnosť |
| 610 | 2 | 0 | |a vzťahy medziľudské |
| 610 | 2 | 0 | |a rozhovor |
| 610 | 2 | 0 | |a vyjednávanie |
| 610 | 2 | 0 | |a práca tímová |
| 610 | 2 | 0 | |a manažéri |
| 610 | 2 | 0 | |a riadenie |
| 610 | 2 | 0 | |a diskusia |
| 610 | 2 | 0 | |a porady |
| 610 | 2 | 0 | |a komunikácia masová |
| 610 | 2 | 0 | |a komunikácia multikultúrna |
| 100 | 1 | |a Mikuláštík, Milan | |